000
00269nam a2200097Ia 4500
008
231107s1998 xx 000 0 und d
041
_a
eng
100
_a
Spence William
245
_a
Construction:principles,materials & methods
260
_a
London
_b
Delmar Publishers
_c
1998
999
_c
923825
_d
923825